[Event "World Rapid 2025"]
[Site "Doha QAT"]
[Date "2025.12.27"]
[Round "8.101"]
[White "Samadov, Read"]
[Black "Suyarov, Mukhammadzokhid"]
[Result "1-0"]
[WhiteTitle "IM"]
[BlackTitle "IM"]
[WhiteElo "2510"]
[BlackElo "2454"]
[WhiteFideId "13417444"]
[BlackFideId "14210495"]
[EventDate "2025.12.26"]

1. Nf3 Nf6 2. b3 d5 3. Bb2 c5 4. e3 Nc6 5. d4 cxd4 6. Nxd4 Bg4 7. Be2 Bxe2 8.
Qxe2 Rc8 9. O-O e6 10. Nf3 Be7 11. Nbd2 O-O 12. c4 dxc4 13. Nxc4 b5 14. Nce5
Nxe5 15. Nxe5 Qb6 16. Rac1 Qb7 17. Qf3 Nd5 18. Rxc8 Qxc8 19. e4 Nb4 20. Rc1 Qd8
21. Rd1 Qc8 22. Rc1 Qd8 23. Qe2 Nxa2 24. Ra1 Nb4 25. Rxa7 Bf6 26. Ra1 Qc7 27.
Rc1 Qb7 28. g3 h6 29. Rc5 Rb8 30. h4 Na6 31. Rc1 Nb4 32. Rc5 Na6 33. Rc1 Nb4 34.
Rd1 Qc7 35. Nd7 Rd8 36. Nxf6+ gxf6 37. Bxf6 Rxd1+ 38. Qxd1 Qc5 39. Qd8+ Qf8 40.
Qb6 Qe8 41. Bc3 Nc2 42. Qd6 Qf8 43. Qe5 Kh7 44. Qxb5 Qc8 45. Qd3 Na1 46. Qd4 1-0

[Event "World Rapid 2025"]
[Site "Doha QAT"]
[Date "2025.12.27"]
[Round "8.102"]
[White "Saraci, Nderim"]
[Black "Sapenov, Daniyal"]
[Result "1/2-1/2"]
[WhiteTitle "IM"]
[BlackTitle "IM"]
[WhiteElo "2461"]
[BlackElo "2440"]
[WhiteFideId "6351921"]
[BlackFideId "13728911"]
[EventDate "2025.12.26"]

1. d4 Nf6 2. Nf3 e6 3. c4 d5 4. g3 Be7 5. Bg2 O-O 6. Qc2 c6 7. O-O b6 8. Rd1
Nbd7 9. Nbd2 Bb7 10. e4 dxc4 11. Nxc4 c5 12. Ng5 h6 13. e5 Bxg2 14. exf6 Nxf6
15. Kxg2 hxg5 16. dxc5 Qc7 17. Bxg5 Qxc5 18. h4 Rac8 19. Rac1 Nd5 20. Bxe7 Qxe7
21. Qe2 Rc5 22. Ne3 Nf6 23. Rxc5 Qxc5 24. Qf3 Rc8 25. g4 Qb4 26. g5 Nd5 27. Nxd5
exd5 28. h5 Qxb2 29. Qxd5 Qe2 30. Qf5 Rf8 31. Rd7 Qxh5 32. Rxa7 g6 33. Qf4 Qe2
34. Ra3 Re8 35. Rh3 Qe5 36. Qxe5 Rxe5 37. Rg3 Ra5 38. a3 Kf8 39. f4 Ra4 40. Rf3
Ke7 41. Kg3 b5 42. Rb3 Ke6 43. Kg4 Ke7 44. Re3+ Kf8 45. Rc3 b4 46. axb4 1/2-1/2

[Event "World Rapid 2025"]
[Site "Doha QAT"]
[Date "2025.12.27"]
[Round "8.103"]
[White "Ganguly, Surya Shekhar"]
[Black "Nainys, Zanas"]
[Result "1-0"]
[WhiteTitle "GM"]
[WhiteElo "2568"]
[BlackElo "2307"]
[WhiteFideId "5002150"]
[BlackFideId "12844098"]
[EventDate "2025.12.26"]

1. Nf3 d5 2. e3 Nf6 3. c4 e6 4. Nc3 a6 5. b3 b6 6. Bb2 Bd6 7. d4 Nbd7 8. Bd3 Bb7
9. O-O O-O 10. Qe2 dxc4 11. bxc4 e5 12. d5 Nc5 13. e4 Nh5 14. Bc2 Bc8 15. Qe3 h6
16. Ne2 Re8 17. Nd2 Qh4 18. g3 Qg5 19. Qxg5 hxg5 20. f3 g6 21. Rae1 Bd7 22. Nc1
Nb7 23. Nd3 Nc5 24. Nxc5 Bxc5+ 25. Kg2 Bd6 26. Nb3 a5 27. Nc1 c6 28. Ba4 Rec8
29. Rd1 f6 30. Nb3 Be8 31. dxc6 Bxc6 32. Bb5 Bb4 33. a4 Bxb5 34. cxb5 Rc2+ 35.
Rf2 Rac8 36. Rd8+ Kf7 37. Rxc8 Rxc8 38. Na1 Ng7 39. Rc2 Bc5 40. Nb3 Ne6 41. Ba3
Ke7 42. Nxc5 Nxc5 43. Kf2 Ke6 44. Ke3 Rc7 45. Bxc5 bxc5 46. Kd3 Rd7+ 47. Kc4
Rd4+ 48. Kxc5 Rxa4 49. Kc6 Rb4 50. b6 a4 51. b7 a3 52. Kc7 1-0

[Event "World Rapid 2025"]
[Site "Doha QAT"]
[Date "2025.12.27"]
[Round "8.104"]
[White "Nurgaliyev, Sauat"]
[Black "Naiditsch, Arkadij"]
[Result "0-1"]
[WhiteTitle "IM"]
[BlackTitle "GM"]
[WhiteElo "2437"]
[BlackElo "2574"]
[WhiteFideId "13726285"]
[BlackFideId "4650891"]
[EventDate "2025.12.26"]

1. e4 c5 2. Nf3 Nc6 3. Bb5 h6 4. O-O g5 5. c3 Bg7 6. Re1 e5 7. h3 Nge7 8. a4 O-O
9. d3 a6 10. Bc4 d5 11. exd5 Nxd5 12. Nbd2 Nf4 13. Ne4 b6 14. Ng3 Na5 15. Bxf4
exf4 16. Nh5 Nxc4 17. dxc4 Bh8 18. Ne5 Qxd1 19. Raxd1 Re8 20. Ng4 Rxe1+ 21. Rxe1
Be6 22. Ngf6+ Kf8 23. h4 Rd8 24. hxg5 hxg5 25. Nh7+ Kg8 26. Nxg5 Bxc4 27. Nxf4
Bb3 28. Re4 Bf6 29. Nf3 Kf8 30. Kh2 Bc2 31. Rc4 Be7 32. Nh5 Rd1 33. g3 Bb3 34.
Rf4 Rb1 35. c4 Bd6 36. Rf6 Rd1 37. Rh6 Bxc4 38. Rh8+ Ke7 39. Nh4 Bd5 40. Kh3
Be6+ 41. Kg2 Be5 42. Rh6 Rd2 43. Nf4 Bxf4 44. gxf4 Rxb2 45. Kg3 c4 46. f5 Bd5
47. Rh8 c3 48. Rc8 Rb3 0-1

[Event "World Rapid 2025"]
[Site "Doha QAT"]
[Date "2025.12.27"]
[Round "8.105"]
[White "Yilmaz, Mustafa"]
[Black "Ezat, Mohamed"]
[Result "1-0"]
[WhiteTitle "GM"]
[BlackTitle "IM"]
[WhiteElo "2595"]
[BlackElo "2294"]
[WhiteFideId "6302718"]
[BlackFideId "10600906"]
[EventDate "2025.12.26"]

1. Nf3 Nf6 2. c4 g6 3. Nc3 Bg7 4. e4 d6 5. d4 O-O 6. Be2 e5 7. O-O Nc6 8. d5 Ne7
9. b4 c6 10. a4 a5 11. bxa5 c5 12. Ra3 Rxa5 13. Bd2 Ra6 14. Kh1 h6 15. Ne1 Nd7
16. g4 Kh7 17. Rg1 g5 18. Ng2 Ng6 19. Ne3 Nf6 20. Nf5 Rh8 21. h4 Nd7 22. Nb5 Bf8
23. Rh3 Kg8 24. Qa1 Nb6 25. a5 Nd7 26. Kg2 Nf4+ 27. Bxf4 exf4 28. hxg5 Qxg5 29.
Rh5 f3+ 30. Kxf3 Qg6 31. Ke3 f6 32. f4 Kf7 33. Rhh1 Rh7 34. g5 hxg5 35. Rxh7+
Qxh7 36. Rh1 gxf4+ 37. Kf2 1-0

[Event "World Rapid 2025"]
[Site "Doha QAT"]
[Date "2025.12.27"]
[Round "8.106"]
[White "Aziz, Husain"]
[Black "Nguyen, Ngoc Truong Son"]
[Result "0-1"]
[WhiteTitle "IM"]
[BlackTitle "GM"]
[WhiteElo "2256"]
[BlackElo "2600"]
[WhiteFideId "12100293"]
[BlackFideId "12401110"]
[EventDate "2025.12.26"]

1. d4 Nf6 2. Nf3 e6 3. Bf4 b6 4. e3 Bb7 5. Bd3 Nh5 6. Bg5 Be7 7. Bxe7 Qxe7 8.
O-O g5 9. Nbd2 Nc6 10. Ne5 Nf6 11. Nxc6 dxc6 12. a4 a5 13. Nc4 h5 14. c3 h4 15.
Ne5 Nd7 16. f4 gxf4 17. exf4 O-O-O 18. Qe2 c5 19. Ba6 Nxe5 20. dxe5 h3 21. g3 c4
22. Bxb7+ Kxb7 23. Qxc4 Rd2 24. Rf2 Qd7 25. Qe4+ Ka7 26. Raf1 Rd8 27. Qf3 Qxa4
28. g4 Rxf2 29. Qxf2 Rd3 30. Qe2 Qd7 31. Qe4 Qb5 32. f5 Qxb2 33. fxe6 fxe6 34.
g5 Rd2 35. g6 Rg2+ 36. Kh1 Rxh2+ 37. Kg1 Qg2+ 0-1

[Event "World Rapid 2025"]
[Site "Doha QAT"]
[Date "2025.12.27"]
[Round "8.107"]
[White "Sharan, Rao"]
[Black "Sasikiran, Krishnan"]
[Result "1/2-1/2"]
[WhiteTitle "IM"]
[BlackTitle "GM"]
[WhiteElo "2341"]
[BlackElo "2538"]
[WhiteFideId "5073464"]
[BlackFideId "5004985"]
[EventDate "2025.12.26"]

1. Nf3 g6 2. e3 Bg7 3. d4 d6 4. Be2 Nd7 5. O-O e5 6. c4 a5 7. b3 e4 8. Nfd2 f5
9. Bb2 Ngf6 10. Nc3 O-O 11. a3 Re8 12. b4 Bh6 13. g3 Nf8 14. Qb3 g5 15. Rfe1 f4
16. Bf1 f3 17. d5 Bg7 18. c5 Bf5 19. Nb5 Qc8 20. cxd6 Bh3 21. Qc4 Bxf1 22. Qxf1
Nxd5 23. Bxg7 Kxg7 24. dxc7 Qd7 25. Rec1 Nxe3 26. fxe3 Qxd2 27. Qf2 Qd3 28. Na7
Rxa7 29. c8=Q Rxc8 30. Rxc8 b6 31. Rac1 Rf7 32. R8c3 Qd5 33. bxa5 Qxa5 34. Qb2
Kh6 35. Rf1 Ng6 36. Rc4 Qf5 37. Rf2 Ne5 38. Rd4 Nd3 39. Qxb6+ Rf6 40. Rd6 Rxd6
41. Qxd6+ Kh5 42. Qe7 Nxf2 43. Kxf2 g4 44. Qe8+ Kh6 45. Qc6+ Kg7 46. Qc7+ Kg6
47. Qd6+ Qf6 48. Qb4 Qc6 49. Qb3 Kf6 50. a4 Qc5 51. Qb2+ Kf5 52. Qa2 Kf6 53. a5
Qc1 54. a6 Qh1 55. Qb2+ Ke6 56. Qb6+ Kd7 57. Qb7+ Kd6 58. Qb4+ Kd7 59. Qd4+ Kc7
60. Qc5+ Kd7 61. Qd5+ Kc7 62. Qb7+ Kd6 63. Qb4+ Kc7 64. Qc5+ Kd7 65. Qb5+ Kc7
66. Qb7+ Kd6 67. Qb8+ Kd7 1/2-1/2

[Event "World Rapid 2025"]
[Site "Doha QAT"]
[Date "2025.12.27"]
[Round "8.108"]
[White "Ponkratov, Pavel"]
[Black "Dau Khuong Duy"]
[Result "1-0"]
[WhiteTitle "GM"]
[BlackTitle "IM"]
[WhiteElo "2587"]
[BlackElo "2489"]
[WhiteFideId "4157800"]
[BlackFideId "12424722"]
[EventDate "2025.12.26"]

1. Nf3 Nf6 2. g3 g6 3. Bg2 Bg7 4. c4 O-O 5. d4 d6 6. Nc3 c5 7. O-O Nc6 8. d5 Na5
9. Nd2 e6 10. Rb1 exd5 11. cxd5 a6 12. a4 Nd7 13. h3 c4 14. Nde4 Qc7 15. Bf4 Ne5
16. Bg5 f6 17. Bf4 Bd7 18. Bxe5 fxe5 19. Ng5 b5 20. axb5 axb5 21. Ne6 Qb6 22.
Ne4 Nb3 23. h4 Nd4 24. e3 Nf5 25. h5 Ne7 26. hxg6 hxg6 27. Qg4 Rf5 28. Qh4 Bxe6
29. dxe6 Re8 30. g4 Rff8 31. Ng5 Rf6 32. Rfd1 b4 33. Rd2 Rd8 34. Qh7+ Kf8 35.
Qh1 Qb5 36. Nh7+ Kg8 37. Nxf6+ Bxf6 38. Bd5 Qc5 39. Rc1 c3 40. bxc3 bxc3 41. Rd3
Nxd5 42. Qxd5 Qxd5 43. Rxd5 e4 44. e7 Re8 45. Rxd6 Kf7 46. g5 Be5 47. Rc6 Rxe7
48. Rb1 Bg7 49. Kf1 Rd7 50. Rb4 Re7 51. Rbc4 Bh8 52. Ke2 Bg7 53. Rc7 1-0

[Event "World Rapid 2025"]
[Site "Doha QAT"]
[Date "2025.12.27"]
[Round "8.77"]
[White "Mamedov, Edgar"]
[Black "Tsaruk, Maksim"]
[Result "1-0"]
[WhiteTitle "GM"]
[BlackTitle "GM"]
[WhiteElo "2492"]
[BlackElo "2515"]
[WhiteFideId "13739980"]
[BlackFideId "13511173"]
[EventDate "2025.12.26"]

1. d4 f5 2. Nf3 Nf6 3. g3 g6 4. Bg2 Bg7 5. O-O O-O 6. c4 d6 7. Nc3 c6 8. d5 e5
9. dxe6 Bxe6 10. b3 Na6 11. Bb2 Qe7 12. Nd4 Bf7 13. Qc2 Nc5 14. Rad1 a5 15. e3
Rfe8 16. Nce2 Rad8 17. Nf4 Qc7 18. Nf3 Nce4 19. Bd4 g5 20. Nxg5 Nxg5 21. Qxf5
Nge4 22. f3 Re5 23. Bxe5 dxe5 24. Ne6 Bxe6 25. Qxe6+ Kh8 26. fxe4 Re8 27. Qd6
Qf7 28. Rf5 Qg6 29. Rdf1 Ng4 30. Qxg6 hxg6 31. Rg5 Nxe3 32. Rf3 Nc2 33. Rxg6 Rd8
34. h4 Rd7 35. h5 Nd4 36. Rf2 Kh7 37. Bh3 Re7 38. Bf5 Kh8 39. h6 Bf8 1-0

[Event "World Rapid 2025"]
[Site "Doha QAT"]
[Date "2025.12.27"]
[Round "8.78"]
[White "Davtyan, Artur"]
[Black "Harikrishnan, A. Ra"]
[Result "0-1"]
[WhiteTitle "IM"]
[BlackTitle "GM"]
[WhiteElo "2474"]
[BlackElo "2531"]
[WhiteFideId "13308327"]
[BlackFideId "5081483"]
[EventDate "2025.12.26"]

1. e4 e6 2. d4 d5 3. Nc3 dxe4 4. Nxe4 Nd7 5. Nf3 Ngf6 6. Bd3 Nxe4 7. Bxe4 Nf6 8.
Bd3 Bd6 9. O-O O-O 10. Qe2 b6 11. Ne5 Bb7 12. Bg5 Be7 13. Rad1 Qd5 14. Nf3 Qxa2
15. b3 Qa5 16. Ne5 Qd5 17. f4 Qxd4+ 18. Kh1 Qc3 19. Bxh7+ Kxh7 20. Bxf6 Bxf6 21.
Rd3 Bxe5 22. Rxc3 Bxc3 23. Qd3+ f5 24. Qxc3 Rad8 25. Qxc7 Be4 26. Qc3 Rf6 27. h3
Rg6 28. Rf2 Rd1+ 29. Kh2 Rf1 30. Re2 Rxf4 31. Qe5 Rh4 32. Qc7 Rh5 33. Qf4 Rhg5
34. g4 e5 35. Qd2 Bf3 36. Rxe5 Bxg4 37. Re6 Bf3 38. Rxg6 Rxg6 39. Qf4 Rg2+ 40.
Kh1 Be4 41. Qh4+ Kg6 42. Qe7 a5 43. Qd6+ Kh7 44. Qe7 b5 45. Qe8 Kh6 46. Qxb5 Kg5
47. Qxa5 Kh4 48. Qd8+ g5 49. Qe8 Kg3 50. Qe5+ Kxh3 51. Qh8+ Kg4 52. c4 f4 53.
Qf6 Bf3 54. b4 Rg3+ 55. Kh2 Rg2+ 56. Kh1 Kh3 57. Qh6+ Kg3 58. Qxg5+ Kf2 59. Qh4+
Kf1 60. Qh3 Be4 61. b5 Kf2 62. Qh4+ Ke3 0-1

[Event "World Rapid 2025"]
[Site "Doha QAT"]
[Date "2025.12.27"]
[Round "8.79"]
[White "Balakrishnan, Praveen"]
[Black "Kuandykuly, Danis"]
[Result "0-1"]
[WhiteTitle "GM"]
[BlackTitle "FM"]
[WhiteElo "2507"]
[BlackElo "2372"]
[WhiteFideId "2064871"]
[BlackFideId "13752260"]
[EventDate "2025.12.26"]

1. e4 e5 2. Nf3 Nc6 3. Bb5 Nge7 4. Nc3 Ng6 5. h4 h5 6. g3 a6 7. Be2 d6 8. d3
Nge7 9. Bg5 Be6 10. d4 exd4 11. Nxd4 Nxd4 12. Qxd4 Nc6 13. Qe3 Be7 14. Nd5 f6
15. Bf4 Qd7 16. O-O-O O-O-O 17. Rd3 Rhg8 18. Rc3 Rde8 19. Bxa6 bxa6 20. Nb6+
cxb6 21. Qxb6 Qb7 22. Rxc6+ Kb8 23. Qc5 Rc8 24. Bxd6+ Ka8 25. Rc7 Bxd6 26. Rxc8+
Rxc8 27. Qxd6 Bxa2 28. Re1 Bb3 29. Re2 Qb5 30. Kd1 0-1

[Event "World Rapid 2025"]
[Site "Doha QAT"]
[Date "2025.12.27"]
[Round "8.80"]
[White "Morris, James"]
[Black "Al Hosani, Omran"]
[Result "1/2-1/2"]
[WhiteTitle "IM"]
[BlackTitle "IM"]
[WhiteElo "2422"]
[BlackElo "2340"]
[WhiteFideId "3205800"]
[BlackFideId "9308733"]
[EventDate "2025.12.26"]

1. e4 e6 2. Qe2 c5 3. g3 Nc6 4. c3 Nge7 5. Bg2 d5 6. d3 g6 7. h4 h6 8. f4 Bg7 9.
Nf3 Rb8 10. h5 b5 11. e5 b4 12. Be3 bxc3 13. bxc3 d4 14. cxd4 cxd4 15. Bf2 Ba6
16. O-O g5 17. fxg5 hxg5 18. Nxg5 Nxe5 19. Be4 Nd5 20. Nf3 Ne3 21. Nbd2 Nxf1 22.
Rxf1 Ng4 23. Bc6+ Kf8 24. Ne4 Nxf2 25. Qxf2 f5 26. Nfg5 Bc8 27. g4 Rh6 28. Qf4
Rb6 29. Ba4 Kg8 30. gxf5 exf5 31. Ng3 Qd6 32. Qxd6 Rg6 33. Qe6+ Rgxe6 34. Nxf5
Red6 1/2-1/2

[Event "World Rapid 2025"]
[Site "Doha QAT"]
[Date "2025.12.27"]
[Round "8.81"]
[White "Suleimen, Ergali"]
[Black "Ashwath Kaushik"]
[Result "1-0"]
[WhiteTitle "IM"]
[BlackTitle "FM"]
[WhiteElo "2419"]
[BlackElo "2345"]
[WhiteFideId "13724452"]
[BlackFideId "33387230"]
[EventDate "2025.12.26"]

1. e4 e6 2. d4 d5 3. Nc3 Nf6 4. Bg5 Bb4 5. e5 h6 6. Be3 Ne4 7. Qg4 g6 8. a3
Bxc3+ 9. bxc3 c5 10. Bd3 h5 11. Qh3 Nxc3 12. dxc5 d4 13. Bd2 g5 14. Qg3 g4 15.
h3 Nd7 16. hxg4 h4 17. Qf4 Nxc5 18. Nf3 Nxd3+ 19. cxd3 Qd5 20. Ng5 Rf8 21. Bxc3
dxc3 22. Ne4 f5 23. exf6 e5 24. Qg5 Rg8 25. f7+ Kxf7 26. Qxg8+ Kxg8 27. Nf6+ 1-0

[Event "World Rapid 2025"]
[Site "Doha QAT"]
[Date "2025.12.27"]
[Round "8.82"]
[White "Ammar, Sedrani"]
[Black "Murshed, Niaz"]
[Result "1/2-1/2"]
[WhiteTitle "FM"]
[BlackTitle "GM"]
[WhiteElo "2203"]
[BlackElo "2341"]
[WhiteFideId "9312331"]
[BlackFideId "10200010"]
[EventDate "2025.12.26"]

1. d4 Nf6 2. Bg5 d5 3. e3 Ne4 4. Bf4 c5 5. Nd2 Nxd2 6. Qxd2 Nc6 7. c3 Bf5 8. Nf3
e6 9. Bd3 Bxd3 10. Qxd3 Be7 11. O-O c4 12. Qe2 g5 13. Be5 Rg8 14. Bg3 h5 15. Ne5
Rh8 16. Nxc6 bxc6 17. f4 h4 18. Be1 f5 19. b3 cxb3 20. axb3 g4 21. Ra6 Qd7 22.
Bd2 Kf7 23. Bc1 h3 24. g3 Rhb8 25. b4 Rb5 26. Bd2 Rb7 27. Rfa1 Bd8 28. Kf2 Bb6
29. Qd3 Rab8 30. Ke2 Bd8 31. c4 dxc4 32. Qxc4 Bb6 33. Rc1 Rc7 34. Be1 Rbc8 35.
Rd1 Qd5 36. Qxd5 cxd5 37. Bd2 Ke7 38. Raa1 Kd6 39. b5 Rc4 40. Kd3 Kc7 41. Rdc1
Kb7 42. Rc3 Bd8 43. Rac1 Rxc3+ 44. Bxc3 Rc4 45. Ra1 Bb6 46. Ra2 Rc8 47. Ra1 Rc4
48. Ra2 Kc7 49. Ra1 Kb7 50. Ra2 Bc7 51. Ra6 Bb6 52. Ra2 Rc8 53. Ra1 Ra8 54. Ra6
Re8 55. Ra4 Re7 56. Bb4 Rc7 57. Bc3 Kb8 58. Kc2 Rb7 59. Ra6 Kc8 60. Kb3 Kd7 61.
Ka4 Rc7 62. Kb3 Rc4 63. Ra4 Rc7 64. Ra2 Rb7 65. Bb4 Bc7 66. Ka4 Bb6 67. Rc2 Rc7
68. Rxc7+ Kxc7 69. Ba5 Kb7 70. Kb4 Kb8 71. Ka4 Kb7 72. Kb4 Kb8 73. Ka4 Kb7 1/2-1/2

[Event "World Rapid 2025"]
[Site "Doha QAT"]
[Date "2025.12.27"]
[Round "8.83"]
[White "Wojtaszek, Radoslaw"]
[Black "Abdilkhair, Abilmansur"]
[Result "1-0"]
[WhiteTitle "GM"]
[BlackTitle "IM"]
[WhiteElo "2667"]
[BlackElo "2378"]
[WhiteFideId "1118358"]
[BlackFideId "13716417"]
[EventDate "2025.12.26"]

1. c4 Nf6 2. Nc3 d5 3. cxd5 Nxd5 4. g3 g6 5. Bg2 Nxc3 6. bxc3 c5 7. h4 Bg7 8. h5
Nc6 9. Rb1 Qc7 10. Nf3 b6 11. d4 Bf5 12. Bf4 Qd7 13. Rb2 Rd8 14. Rd2 O-O 15. h6
Bh8 16. O-O cxd4 17. cxd4 Be4 18. Ne5 Bxe5 19. dxe5 Qf5 20. f3 Rxd2 21. Qxd2 Rd8
22. fxe4 Qe6 23. Qd5 Qc8 24. Rc1 Rxd5 25. exd5 g5 26. Rxc6 Qf5 27. Bxg5 Qd7 28.
Bxe7 b5 29. Bf6 b4 30. Rd6 Qe8 31. Rd8 Kf8 32. Rxe8+ Kxe8 33. d6 Kd7 34. Bh3+
Kc6 35. d7 a5 36. d8=Q a4 37. Bg2+ Kc5 38. Qd5+ Kb6 39. Qc6+ Ka5 40. Bd8# 1-0

[Event "World Rapid 2025"]
[Site "Doha QAT"]
[Date "2025.12.27"]
[Round "8.84"]
[White "Harshavardhan, G B"]
[Black "Stribuk, Artiom"]
[Result "0-1"]
[WhiteTitle "IM"]
[BlackTitle "IM"]
[WhiteElo "2477"]
[BlackElo "2476"]
[WhiteFideId "25059009"]
[BlackFideId "13515659"]
[EventDate "2025.12.26"]

1. e4 c5 2. Nf3 d6 3. d4 cxd4 4. Nxd4 Nf6 5. Nc3 Nc6 6. Bg5 e6 7. Qd2 a6 8.
O-O-O Be7 9. f3 Nxd4 10. Qxd4 b5 11. h4 O-O 12. g4 Bb7 13. Kb1 Qc7 14. Bd3 Rfd8
15. Rhe1 Rac8 16. Qg1 b4 17. Ne2 a5 18. Be3 Nd7 19. g5 a4 20. Rc1 a3 21. b3 d5
22. exd5 Bxd5 23. Bd4 Ne5 24. Bb6 Qc6 25. Bxd8 Rxd8 26. Qe3 Nxf3 27. Red1 Bc5
28. Qf4 e5 29. Qg4 Be3 30. Qxb4 Bxc1 31. Kxc1 Rc8 32. c4 Be4 33. Qe7 h5 34. Nc3
Bxd3 35. Rxd3 Nxh4 36. Qxa3 Ng6 37. Qd6 Qg2 38. Rd2 Qxg5 39. a4 h4 40. a5 Nf4
41. a6 h3 42. Kb2 Qg1 43. Nd5 Nxd5 44. Qxd5 h2 45. Rd1 Qf2+ 46. Ka3 Qb6 47. Qb5
Qg1 48. Qd5 e4 49. Qb7 Rf8 50. Rxg1 hxg1=Q 51. Kb4 e3 52. Qe7 Qe1+ 53. Kb5 Rb8+
54. Kc6 Qa5 55. a7 Qb6+ 56. Kd5 Ra8 57. c5 Qe6+ 0-1

[Event "World Rapid 2025"]
[Site "Doha QAT"]
[Date "2025.12.27"]
[Round "8.109"]
[White "Grafl, Florian"]
[Black "Chekh Adm Khedr, Aram"]
[Result "1-0"]
[WhiteTitle "IM"]
[BlackTitle "FM"]
[WhiteElo "2343"]
[BlackElo "2139"]
[WhiteFideId "4645715"]
[BlackFideId "7601948"]
[EventDate "2025.12.26"]

1. e4 c5 2. Nc3 Nc6 3. f4 g6 4. Nf3 Bg7 5. a4 e6 6. e5 d5 7. d4 cxd4 8. Nb5 Nh6
9. Nd6+ Kf8 10. Bd3 Kg8 11. O-O f6 12. Qe1 fxe5 13. fxe5 Nxe5 14. Nxe5 Qxd6 15.
Bxh6 Bxh6 16. Nf7 Be3+ 17. Qxe3 dxe3 18. Nxd6 e5 19. Nf7 e4 20. Be2 Be6 21. Nxh8
d4 22. Rf6 Bf5 23. Rd6 1-0

[Event "World Rapid 2025"]
[Site "Doha QAT"]
[Date "2025.12.27"]
[Round "8.110"]
[White "Wafa, Hamed"]
[Black "Anand, Tsogtbileg"]
[Result "1-0"]
[WhiteTitle "IM"]
[BlackTitle "CM"]
[WhiteElo "2373"]
[BlackElo "1968"]
[WhiteFideId "10628452"]
[BlackFideId "4926552"]
[EventDate "2025.12.26"]

1. e4 c5 2. Nf3 d6 3. d4 cxd4 4. Nxd4 Nf6 5. Bd3 Nc6 6. Be3 g6 7. c4 Bg7 8. h3
O-O 9. Nc3 Nxd4 10. Bxd4 Be6 11. O-O Nd7 12. Bxg7 Kxg7 13. f4 Rc8 14. b3 f6 15.
Nd5 Bf7 16. Qd2 e5 17. Ne3 exf4 18. Rxf4 Ne5 19. Raf1 Be6 20. Rh4 Qb6 21. Kh1 h5
22. Be2 Rh8 23. Rhf4 Rcf8 24. Nc2 g5 25. Nd4 Bd7 26. Rxf6 Rxf6 27. Qxg5+ Rg6 28.
Qe7+ Kh6 29. Rf5 Ng4 30. hxg4 hxg4 31. Bxg4 Qc5 32. Rxc5 dxc5 33. Nf5+ Bxf5 34.
Bxf5 Rc6 35. Kg1 a6 36. g4 b5 37. Be6 Rxe6 38. Qxe6+ Kg5 39. Qf5+ Kh6 40. Qf6+
Kh7 41. g5 Rg8 42. Qh6# 1-0

[Event "World Rapid 2025"]
[Site "Doha QAT"]
[Date "2025.12.27"]
[Round "8.111"]
[White "Fates, Omer Salah"]
[Black "Cunha, Lucas Aguiar"]
[Result "0-1"]
[BlackTitle "FM"]
[WhiteElo "2079"]
[BlackElo "2263"]
[WhiteFideId "9212035"]
[BlackFideId "2125404"]
[EventDate "2025.12.26"]

1. e4 c5 2. Nf3 d6 3. Bb5+ Nd7 4. d4 cxd4 5. Qxd4 a6 6. Bxd7+ Bxd7 7. c4 Rc8 8.
b3 b5 9. Nbd2 Nf6 10. Bb2 e5 11. Qe3 Be7 12. O-O O-O 13. h3 h6 14. Rfd1 Be6 15.
Rac1 Qa5 16. a3 bxc4 17. Nxc4 Bxc4 18. bxc4 Nd7 19. Qd2 Qa4 20. Qc2 Nc5 21. Nd2
Bg5 22. Qxa4 Nxa4 23. Ba1 Rc6 24. Rc2 Rfc8 25. f3 Be3+ 26. Kf1 Nb6 27. Ke2 Bf4
28. h4 h5 29. Bc3 Nxc4 30. Bb4 Bxd2 31. Bxd2 Nxa3 32. Rc3 Rc5 0-1

[Event "World Rapid 2025"]
[Site "Doha QAT"]
[Date "2025.12.27"]
[Round "8.112"]
[White "Alhassadi, Yousef A."]
[Black "Musovic, Armin"]
[Result "0-1"]
[WhiteTitle "FM"]
[BlackTitle "FM"]
[WhiteElo "2098"]
[BlackElo "2190"]
[WhiteFideId "9204725"]
[BlackFideId "939935"]
[EventDate "2025.12.26"]

1. e4 c6 2. d4 d5 3. e5 c5 4. Nf3 Nc6 5. dxc5 Bg4 6. c3 e6 7. Be3 Nge7 8. Nbd2
Nf5 9. Bd4 Be7 10. Bd3 O-O 11. h3 Bxf3 12. Nxf3 Nfxd4 13. cxd4 f5 14. O-O g5 15.
Bc2 Kh8 16. Qd2 Rf7 17. b4 g4 18. hxg4 fxg4 19. Nh2 Bg5 20. Qc3 h5 21. g3 Qg8
22. b5 Ne7 23. Rab1 h4 24. Nxg4 Raf8 25. Kg2 Rf3 26. Qe1 Nf5 27. Kxf3 Ne3+ 28.
Ke2 Nxg4 29. f4 Bh6 30. Qc3 Nh2 31. Qd3 Rf5 32. Qe3 Qg4+ 33. Kd2 Rf7 34. Kc3
hxg3 35. Rh1 Rxf4 36. Qd3 Rf3 0-1

[Event "World Rapid 2025"]
[Site "Doha QAT"]
[Date "2025.12.27"]
[Round "8.113"]
[White "Tissir, Mohamed"]
[Black "Alrehaili, Ahmed Abdullah S"]
[Result "1-0"]
[WhiteTitle "IM"]
[BlackTitle "FM"]
[WhiteElo "2293"]
[BlackElo "2106"]
[WhiteFideId "9000240"]
[BlackFideId "21518840"]
[EventDate "2025.12.26"]

1. e4 e5 2. Nf3 Nc6 3. Bc4 Bc5 4. c3 Nf6 5. d3 O-O 6. Bg5 Be7 7. Bb3 d6 8. Bh4
Nh5 9. Bg3 g6 10. O-O Kh8 11. d4 exd4 12. Nxd4 Bf6 13. Nf3 Nxg3 14. fxg3 Bg7 15.
Nbd2 f5 16. Qe2 Bd7 17. Rae1 Qe7 18. exf5 Qxe2 19. Rxe2 Bxf5 20. Ng5 Bf6 21.
Nde4 Rae8 22. Rfe1 Be5 23. Rf1 Kg7 24. Nf3 Bf6 25. Rfe1 Bd8 26. Ba4 h6 27. Nxd6
Rxe2 28. Nxf5+ Rxf5 29. Rxe2 Bf6 30. h3 Ra5 31. Bb3 Rc5 32. Nd2 a5 33. Re6 Nd8
34. Rxf6 1-0

[Event "World Rapid 2025"]
[Site "Doha QAT"]
[Date "2025.12.27"]
[Round "8.114"]
[White "Medhus, Vitus Bondo"]
[Black "Bodemar, Jonathan"]
[Result "1-0"]
[WhiteTitle "FM"]
[BlackTitle "CM"]
[WhiteElo "2387"]
[BlackElo "2154"]
[WhiteFideId "1462547"]
[BlackFideId "6205488"]
[EventDate "2025.12.26"]

1. e4 e6 2. d4 d5 3. Nc3 Nf6 4. Bg5 dxe4 5. Nxe4 Be7 6. Bxf6 gxf6 7. Nf3 f5 8.
Nc3 a6 9. g3 b5 10. Bg2 Bb7 11. O-O O-O 12. Ne5 Bxg2 13. Kxg2 b4 14. Ne2 Qd5+
15. Kg1 c5 16. c4 bxc3 17. bxc3 cxd4 18. cxd4 Nd7 19. Nf4 Qd6 20. Nxd7 Qxd7 21.
d5 e5 22. Ng2 Rad8 23. Qh5 Qxd5 24. Ne3 Qe6 25. Nxf5 Bf6 26. Rfe1 Kh8 27. a4 Rg8
28. Qf3 Rg5 29. Nh4 Rd4 30. Ng2 Kg7 31. Rac1 Qd5 32. Nh4 e4 33. Qe3 Rxa4 34. Ng2
Bd4 35. Qe2 Ra2 36. Rc2 Rxc2 37. Qxc2 Rf5 38. Nf4 Qc5 39. Qe2 e3 40. fxe3 Bf6
41. Kg2 a5 42. e4 Rg5 43. h4 Re5 44. Nd3 Qd4 45. Nxe5 Qxe5 46. Rd1 a4 47. Rd5
Qc3 48. e5 Be7 49. Qg4+ Kf8 50. Qxa4 Qb2+ 51. Kh3 Qe2 52. Qd1 Qe4 53. Rb5 h5 54.
Kh2 Qf5 55. Qe2 Qg6 56. e6 fxe6 57. Rxh5 Kf7 58. Ra5 Bd6 59. Qf3+ Ke7 60. Ra7+ 1-0